আন্দোলন-সংগ্রামে বাংলাদেশ ছাত্রলীগ / (Record no. 79664)
[ view plain ]
| 000 -LEADER | |
|---|---|
| fixed length control field | 01231nam a2200265 a 4500 |
| 001 - CONTROL NUMBER | |
| control field | 79664 |
| 003 - CONTROL NUMBER IDENTIFIER | |
| rucl marc code | BD-RjUL |
| 005 - DATE AND TIME OF LATEST TRANSACTION | |
| control field | 20220404142326.0 |
| 008 - FIXED-LENGTH DATA ELEMENTS--GENERAL INFORMATION | |
| fixed length control field | 220404s2017 bg ||||| |||| 00| 0 ben d |
| 035 ## - SYSTEM CONTROL NUMBER | |
| System control number | (BD-RjUL)79664 |
| 040 ## - CATALOGING SOURCE | |
| Original cataloging agency | BD-RjUL |
| Language of cataloging | eng |
| Transcribing agency | BD-RjUL |
| 041 ## - LANGUAGE CODE | |
| Language code of text/sound track or separate title | ben |
| 082 ## - DEWEY DECIMAL CLASSIFICATION NUMBER | |
| Edition number | 23 |
| Classification number | 378.1981095492 |
| Author mark and year | HOA 2017 |
| 100 ## - MAIN ENTRY--PERSONAL NAME | |
| Personal name | হোসাইন, এস এম জাকির |
| 9 (RLIN) | 2252 |
| 245 ## - TITLE STATEMENT | |
| Title | আন্দোলন-সংগ্রামে বাংলাদেশ ছাত্রলীগ / |
| Statement of responsibility, etc. | এস এম জাকির হোসাইন |
| 260 ## - PUBLICATION, DISTRIBUTION, ETC. (IMPRINT) | |
| Place of publication, distribution, etc. | ঢাকা : |
| Name of publisher, distributor, etc. | অন্বেষা প্রকাশন, |
| Date of publication, distribution, etc. | ২০১৭ |
| 300 ## - PHYSICAL DESCRIPTION | |
| Pagination | ১৭৩ পৃ.; |
| Size | ২২ সেমি. |
| 650 ## - SUBJECT ADDED ENTRY--TOPICAL TERM | |
| Topical term or geographic name as entry element | ছাত্র |
| General subdivision | রাজনৈতিক কার্যকলাপ |
| Geographic subdivision | বাংলাদেশ |
| 9 (RLIN) | 2253 |
| Topical term or geographic name as entry element | Students |
| General subdivision | Political activity |
| Geographic subdivision | Bangaldesh |
| 9 (RLIN) | 2254 |
| Topical term or geographic name as entry element | ছাত্র আন্দোলন |
| 9 (RLIN) | 2255 |
| Topical term or geographic name as entry element | Student movements |
| 9 (RLIN) | 2256 |
| 651 ## - SUBJECT ADDED ENTRY--GEOGRAPHIC NAME | |
| Geographic name | বালাদেশ ছাত্রলীগ |
| General subdivision | রাজনৈতিক কার্যকলাপ |
| -- | ইতিহাস |
| 9 (RLIN) | 2257 |
| Geographic name | Baladesh Chhatra League |
| General subdivision | Political Activities |
| -- | History. |
| 9 (RLIN) | 2258 |
| 942 ## - ADDED ENTRY ELEMENTS (KOHA) | |
| Source of classification or shelving scheme | Dewey Decimal Classification |
| Koha item type | Books |
| Lost status | Source of classification or shelving scheme | Damaged status | Not for loan | Collection code | Permanent Location | Current Location | Shelving location | Date acquired | Source of acquisition | Cost, normal purchase price | Total Checkouts | Full call number | Date last seen | Copy number | Koha item type |
|---|---|---|---|---|---|---|---|---|---|---|---|---|---|---|---|
| Dewey Decimal Classification | Not For Loan | Non-fiction | Central Library, University of Rajshahi | Central Library, University of Rajshahi | Reading Room | 15/03/2017 | Rajshahi, Biddyasagar | 270.00 | B 378.1981095492 HOA 2017 | 04/04/2022 | C-1 | Books | |||
| Dewey Decimal Classification | Non-fiction | Central Library, University of Rajshahi | Central Library, University of Rajshahi | General Stacks | 15/03/2017 | Rajshahi, Biddyasagar | 270.00 | B 378.1981095492 HOA 2017 | 04/04/2022 | C-2 | Books | ||||
| Dewey Decimal Classification | Non-fiction | Central Library, University of Rajshahi | Central Library, University of Rajshahi | General Stacks | 15/03/2017 | Rajshahi, Biddyasagar | 270.00 | B 378.1981095492 HOA 2017 | 04/04/2022 | C-3 | Books |